| 000 | 00464nam a2200181Ia 4500 | ||
|---|---|---|---|
| 001 | 21183 | ||
| 005 | 20260306172900.0 | ||
| 008 | 260306t2019||||xx |||||||||||||| ||spa|| | ||
| 041 | _aESP | ||
| 082 |
_a344J _bG312 |
||
| 100 |
_aGaceta Jurídica _eAUT |
||
| 245 | 0 | _a1000 criterios jurisprudenciales penales que todo abogado debe conocer | |
| 260 | _c2019 | ||
| 300 |
_a494 páginas : _c25 cm. |
||
| 650 | _aGEN | ||
| 654 | _aCDE | ||
| 942 |
_cLIB _dJUS _fJUS _2ddc _n |
||
| 999 |
_c21183 _d21183 |
||